000 01204nam1a22003011i 4500
001 RU\NLR\INFOCOMM_223\5000057244
005 20240726035637.0
035 _a(NLR Aleph) 009312939
090 _a9348523
_c9348523
100 _a20101116g19811982|||y0rusy50 ba
101 1 _aeng
_crus
_frus
102 _aRU
105 _ay ||||000|y
200 1 _aFriction, wear, lubrication
_eTribology, handbook
_fEd. by I. V. Kragelsky, D. Sc. (Eng.), V. V. Alisin, Cand. Sc. (Eng.)
_gTransl. from the Russ. by Felix Palkin a. Valerian Palkin
205 _aRev. from the 1978 Russ. ed.
210 _aΜ.
_cMir
_d1981-1982
215 _d22 см
300 _aДоп. тит. л. на рус. яз.: Трение, изнашивание и смазка / Под ред. И. В. Крагельского и В. В. Алисина
320 _aБиблиогр. в конце глав
686 _aК413
_2rubbk
686 _aˆ[‰Тт-м-90]
_2rubbk
702 1 _9z01790
_aKragel'skij
_bI. V.
_gIgor' Viktorovič
_4340
702 1 _aAlisin
_bV. V.
_gValerij Vasil'evič
_4340
790 1 _9z01702
_aKragelsky
_bI. V.
_4340
801 1 _aRU
_bNLR
_c20101116
801 0 _aRU
_bNLR
_gPSBO
852 _aNLR
_jТ37 Д-5/180
942 _cBOOK